000 00888nam a22002297a 4500
999 _c13497
_d13497
003 AR-CdUCM
008 190415b ||||| |||| 00| 0 spa d
040 _aMUNICIPALIDAD PROVINCIAL DEL CUSCO
_cBIBLIOTECA MUNICIPAL DEL CUSCO
082 _a058 /
_bB61 / 1939
100 _aBlaya Alende, Joaquin
_931937
245 _aAnuario internacional americano :
_buna vision clara, valiente y serena de los problemas que afectan a nuestro continente 1938 - 1940 /
260 _aSantiago de Chile :
_bZig-Zag,
_c1939.
300 _a4 Tomos ;
_bIlustraciones, mapas,
_c35 cm.
440 _aAnuario internacional americano 1938 - 1940
_931938
505 _aContenido : t.1 -- t.2 -- t.3 -- t.4 Anuario
650 _aAnuario americano
_931939
650 _aNorte América
_92819
650 _aSus america
_931940
650 _aCentro America
_98960
942 _2ddc
_cPP
945 _awnts
_d2019-04-15